Top 10 ballon d'or 2012. - Statistiques

Statistiques générales
  • Ce quiz a été pris 313 fois
  • Le résultat moyen est 8 sur 10
Statistiques - réponses
% Joueurs Clubs % Correct
41.6 Lionel Messi Barca
100%
23.7 Cristiano Ronaldo Real
99%
10.9 Andres Iniesta Barca
97%
4.1 Xavi Barca
95%
1.2 Zlatan Ibrahimovic Milan/ PSG
81%
2.6 Didier Drogba Chelsea/ Galatasaray
77%
1.5 Robin Van persie Arsenal/ Man United
64%
2.7 Andrea Pirlo Juve
63%
3.2 Iker Casillas Real
58%
3.7 Radamel Falcao Atletico
48%
Aucun quiz correspondant
Distribution des résultats
% des personnes avec chaque résultat
Percentile par nombre de réponses
Votre historique - résultats
Vous n’avez pas pris ce quiz